Pokémon Go: Strongest Pokémon by Region - Sinnoh - Statistics

General Stats
  • This quiz has been taken 45 times
    42 since last reset
  • The average score is 25 of 30
Answer Stats
Category Value Pokémon Type % Correct
Max CP 3 962 Garchomp Dragon / Ground
97%
Total damage output 630.3 Garchomp Dragon / Ground
97%
Max CP 4 038 Dialga Steel / Dragon
91%
Attack 275 Dialga Steel / Dragon
91%
Damage per second 17.36 Dialga Steel / Dragon
91%
Total damage output 599 Dialga Steel / Dragon
91%
Max CP 3 754 Heatran Fire / Steel
91%
Max CP 3 991 Palkia Water / Dragon
91%
Attack 280 Palkia Water / Dragon
91%
Damage per second 17.91 Palkia Water / Dragon
91%
Max HP 233 Giratina (Altered) Ghost / Dragon
88%
Total damage output 597.1 Giratina (Altered) Ghost / Dragon
88%
Max HP 233 Giratina (Origin) Ghost / Dragon
88%
Total damage output 663.9 Giratina (Origin) Ghost / Dragon
88%
Max CP 4 337 Regigigas Normal
88%
Attack 287 Regigigas Normal
88%
Damage per second 17.964 Regigigas Normal
88%
Total damage output 659.2 Regigigas Normal
88%
Attack 285 Darkrai Dark
82%
Max HP 255 Drifblim Ghost / Flying
82%
Damage per second 18.093 Honchkrow Dark / Flying
79%
Attack 295 Rampardos Rock
79%
Damage per second 18.413 Rampardos Rock
79%
Defense 286 Bastiodon Rock / Steel
76%
Defense 258 Cresselia Psychic
76%
Max HP 214 Cresselia Psychic
76%
Defense 254 Dusknoir Ghost
73%
Defense 275 Probopass Rock / Steel
73%
Defense 270 Uxie Psychic
64%
Max HP 235 Munchlax Normal
39%
No matching quizzes found
Score Distribution
Percent of People with Each Score
Percentile by Number Answered
Your Score History
You have not taken this quiz since the last reset